Statystyki dla Najdłuższe rzeki w Azji

Kliknij tutaj aby rozwiązać quiz!

Ogólne statystyki

  • Ten quiz został rozwiązany 17 razy
  • Średni wynik to 6 z 10

Statystyki odpowiedzi

KmRzeki% Poprawnych
6300Jangcy
100%
5464Huang He
82%
3650Ob
82%
4102Jenisej
71%
4400Lena
71%
4880Mekong
65%
3180Indus
59%
4248Irtysz
35%
3200Saluin
18%
2989Dolna tunguzka
6%

Rozkład punktacji

Percentyl według liczby udzielonych odpowiedzi

Procent ludzi z każdym wynikiem

Twoja historia wyników

Nie rozwiązałeś tego quizu